000 00254nam a2200097Ia 4500
082 _aTHO
245 0 _aFlying in to love
100 _a THOMAS, D M (Donald Michael) London, 1992
_938157
942 _cBK
008 210817s9999 xx 000 0 und d
999 _c135789
_d135788